000 00560nam a2200145 a 4500
008 120416s1975 ||||||||||||||||| || u
050 _aHD 9773 Int
110 _aInternational Trde Centre UNCTAD/GATT
245 1 0 _aMajor import markets for wooden household furniture
260 _aGeneva
_bInternational Trade Centre UNCTAD/GATT
_c1975
350 _a0.00
650 _aWOOD
650 _aWOOD PRODUCTS
995 _D0.00
_FCBU-MAIN LIBRARY (Kitwe)
_H1
_I0.00
_M1
_UAVAILABLE
_ZAnnex Low-Usage Collection
999 _c49706
_d49706